<?xml version="1.0" encoding="UTF-8"?><?xml-stylesheet type="text/xsl" href="static/style.xsl"?><OAI-PMH xmlns="http://www.openarchives.org/OAI/2.0/" xmlns:xsi="http://www.w3.org/2001/XMLSchema-instance" xsi:schemaLocation="http://www.openarchives.org/OAI/2.0/ http://www.openarchives.org/OAI/2.0/OAI-PMH.xsd"><responseDate>2026-06-01T14:49:28Z</responseDate><request verb="GetRecord" identifier="oai:riuma.uma.es:10630/45094" metadataPrefix="marc">https://riuma.uma.es/rest/oai/request</request><GetRecord><record><header><identifier>oai:riuma.uma.es:10630/45094</identifier><datestamp>2026-02-03T00:46:16Z</datestamp><setSpec>com_10630_2254</setSpec><setSpec>col_10630_37953</setSpec></header><metadata><record xmlns="http://www.loc.gov/MARC21/slim" xmlns:dcterms="http://purl.org/dc/terms/" xmlns:doc="http://www.lyncode.com/xoai" xmlns:xsi="http://www.w3.org/2001/XMLSchema-instance" xsi:schemaLocation="http://www.loc.gov/MARC21/slim http://www.loc.gov/standards/marcxml/schema/MARC21slim.xsd">
   <leader>00925njm 22002777a 4500</leader>
   <datafield ind2=" " ind1=" " tag="042">
      <subfield code="a">dc</subfield>
   </datafield>
   <datafield ind2=" " ind1=" " tag="720">
      <subfield code="a">Sánchez-La-Chica, Juan Manuel</subfield>
      <subfield code="e">author</subfield>
   </datafield>
   <datafield ind2=" " ind1=" " tag="260">
      <subfield code="c">2013-02-01</subfield>
   </datafield>
   <datafield ind2=" " ind1=" " tag="520">
      <subfield code="a">Definiendo Asís Cabrero la arquitectura como un arte visual-utilitario, se remonta a los orígenes de la especie para explicar cuáles son elementos de la consciencia que intervienen en la obra del hombre. La táctica de supervivencia humana se basa en una técnica voluntaria, variable, personal e inventiva, en contraste con el instinto de los demás seres de la naturaleza. A este animal rapaz, cuyo pensamiento está determinado por su sentido de la vista, se le añade la inteligencia que proviene de la habilidad de la mano para fabricar herramientas. Este animal de órganos intercambiables es capaz de especializarse con cada una de las herramientas que construye para igualarse a cada uno de los animales especializados. Así, el hombre construye herramientas para hacer frente a una naturaleza variable y cambiante, ya sea un cuchillo, un hacha o un refugio.
Siendo la arquitectura causa del sentir óptico, es principalmente el pensamiento útil de la mano el que interviene en la elaboración de la arquitectura. Para Cabrero, la materia se convierte en material a través de la herramienta, para ser aparejado, para poder construir. Son las herramientas las que evolucionan a lo largo de la historia, permaneciendo la materia siempre igual en la naturaleza. Asís Cabrero investiga cinco arquitecturas primitivas relacionadas con cinco materias primeras. Así, estudia la estructura cupular, el dintel, el entramado, la estructura laminar y la estructura desmontable en relación con el uso racional del barro, la piedra, la madera, el ramaje y la piel.
La diversa disponibilidad material en la trayectoria profesional de Asís Cabrero, desde el aislamiento de la posguerra a la apertura de los años sesenta, hace que podamos establecer diferentes edades en la obra de Francisco de Asís Cabrero según el material y las herramientas que utiliza.</subfield>
   </datafield>
   <datafield ind1="8" ind2=" " tag="024">
      <subfield code="a">Sánchez de la Chica, J. M. (2013). Pensar con el ojo, pensar con la mano = Thinking with your eye, thinking with your hand. Cuadernos De Proyectos Arquitectónicos, 4, 44-53. https://polired.upm.es/index.php/proyectos_arquitectonicos/article/view/2006</subfield>
   </datafield>
   <datafield ind1="8" ind2=" " tag="024">
      <subfield code="a">para ISSN: 2171-956X</subfield>
   </datafield>
   <datafield ind1="8" ind2=" " tag="024">
      <subfield code="a">https://polired.upm.es/index.php/proyectos_arquitectonicos/article/view/2006</subfield>
   </datafield>
   <datafield ind1="8" ind2=" " tag="024">
      <subfield code="a">https://hdl.handle.net/10630/45094</subfield>
   </datafield>
   <datafield tag="653" ind2=" " ind1=" ">
      <subfield code="a">Materiales de construcción - Historia</subfield>
   </datafield>
   <datafield tag="653" ind2=" " ind1=" ">
      <subfield code="a">Arquitectura - Historia</subfield>
   </datafield>
   <datafield ind2="0" ind1="0" tag="245">
      <subfield code="a">Pensar con el ojo, pensar con la mano</subfield>
   </datafield>
</record>
</metadata></record></GetRecord></OAI-PMH>